00610nam a2200181Ia 4500008004100000020001500041041001200056082001600068100001600084245007300100260003800173300000800211650000800219700001800227942000700245999001500252952016100267221030s9999 xx 000 0 und d a8185015791 aEnglish a105.23bRei aJ. R. Reitz 0aFoundations of Electromagnetic Theorycby J. R. Reitz, F. J. Milford bNarosa Pub HouseaNew Delhic2000 a542 aEMT aF. J. Milford cBK c7012d7012 pBE 3021g165.00l0o105.23 Reir2024-06-13 00:00:00w2022-10-30yBK003Print4071aMIETLIBbMIETLIBcBL-Second, FL-1, CUP-16, SH-5, R-5d2001-03-1410HBE